Clash Royale Cards (Updated for 2025) - Statistics

General Stats
  • This quiz has been taken 8,923 times
  • The average score is 78 of 122
Answer Stats
Arena Rarity Cards % Correct
Traning Camp Rare Giant
92%
Goblin Stadium Common Goblins
91%
Traning Camp Rare Mini P.E.K.K.A
91%
Traning Camp Common Knight
90%
Traning Camp Common Archers
89%
Bone Pit Common Skeletons
89%
Traning Camp Common Arrows
87%
Traning Camp Rare Fireball
87%
P.E.K.K.A's Playhouse Epic P.E.K.K.A
86%
Royal Arena Epic Prince
84%
Builder's Workshop Rare Hog Rider
83%
Barbarian Bowl Common Barbarians
81%
Electro Valley Legendary Mega Knight
81%
Goblin Stadium Common Spear Goblins
81%
Spell Valley Rare Wizard
81%
Barbarian Bowl Common Cannon
80%
Frozen Peak Common Ice Spirit
79%
P.E.K.K.A's Playhouse Epic Skeleton Army
79%
P.E.K.K.A's Playhouse Epic Witch
79%
Builder's Workshop Common Zap
79%
Electro Valley Legendary Electro Wizard
78%
Spell Valley Common Fire Spirit
78%
Traning Camp Rare Musketeer
78%
Electro Valley Legendary The Log
78%
Goblin Stadium Rare Goblin Hut
77%
Traning Camp Common Minions
77%
P.E.K.K.A's Playhouse Epic Goblin Barrel
76%
Spooky Town Legendary Ice Wizard
76%
Royal Crypt Champion Archer Queen
75%
P.E.K.K.A's Playhouse Epic Baby Dragon
75%
Executioner's Kitchen Champion Golden Knight
75%
Electro Valley Legendary Miner
74%
Executioner's Kitchen Champion Skeleton King
74%
Royal Arena Epic Dark Prince
73%
Hog Mountain Epic Golem
73%
Spell Valley Rare Inferno Tower
73%
Hog Mountain Common Tesla
73%
Spell Valley Common Electro Spirit
72%
Jungle Arena Common Goblin Gang
72%
Jungle Arena Epic Goblin Giant
72%
Electro Valley Legendary Inferno Dragon
72%
Bone Pit Rare Valkyrie
72%
Rascals' Hideout Rare Heal Spirit
71%
Electro Valley Legendary Princess
71%
Royal Arena Common Royal Giant
71%
Jungle Arena Rare Barbarian Hut
70%
Builder's Workshop Rare Rocket
70%
Rascals' Hideout Legendary Bandit
69%
Royal Arena Epic Balloon
68%
Silent Sanctuary Champion Monk
68%
Jungle Arena Rare Dart Goblin
67%
Spooky Town Epic Electro Dragon
67%
Goblin Stadium Rare Goblin Cage
67%
Frozen Peak Epic Lightning
67%
Silent Sanctuary Champion Little Prince
67%
Serenity Peak Legendary Night Witch
67%
Serenity Peak Epic Rage
67%
Frozen Peak Epic Freeze
66%
Frozen Peak Rare Ice Golem
66%
Royal Crypt Champion Mighty Miner
66%
Bone Pit Rare Tombstone
66%
Jungle Arena Epic Barbarian Barrel
65%
Bone Pit Common Bomber
65%
Serenity Peak Legendary Lumberjack
65%
Spooky Town Legendary Graveyard
64%
Electro Valley Legendary Sparky
64%
Rascals' Hideout Epic Electro Giant
63%
Frozen Peak Epic Giant Skeleton
63%
Miner's Mine Legendary Mother Witch
63%
Electro Valley Legendary Ram Rider
63%
Spell Valley Rare Bomb Tower
62%
Hog Mountain Common Elite Barbarians
61%
Spooky Town Common Firecracker
61%
Serenity Peak Epic Goblin Curse
61%
Jungle Arena Epic Poison
61%
Royal Arena Rare Royal Hogs
61%
Hog Mountain Epic X-Bow
61%
Serenity Peak Rare Elixir Golem
60%
Hog Mountain Common Minion Horde
60%
Jungle Arena Common Skeleton Barrel
60%
Royal Arena Rare Three Musketeers
60%
Hog Mountain Rare Furnace
59%
Rascals' Hideout Legendary Lava Hound
59%
Royal Arena Common Royal Recruits
59%
Builder's Workshop Common Bats
58%
Silent Sanctuary Champion Goblinstein
58%
Miner's Mine Legendary Goblin Machine
56%
Builder's Workshop Common Mortar
56%
Barbarian Bowl Rare Battle Ram
54%
Miner's Mine Epic Mirror
54%
Rascals' Hideout Common Rascals
54%
Spell Valley Common Skeleton Dragons
54%
Miner's Mine Epic Clone
53%
Serenity Peak Epic Executioner
53%
Spooky Town Legendary Royal Ghost
53%
Miner's Mine Epic Void
53%
Rascals' Hideout Legendary Magic Archer
52%
Spooky Town Rare Earthquake
51%
P.E.K.K.A's Playhouse Epic Guards
51%
Barbarian Bowl Rare Mega Minion
51%
Serenity Peak Common Royal Delivery
51%
Spooky Town Epic Wall Breakers
51%
Builder's Workshop Rare Flying Machine
50%
Jungle Arena Common Berserker
49%
Frozen Peak Common Giant Snowball
49%
Miner's Mine Epic Tornado
49%
Frozen Peak Rare Battle Healer
48%
Rascals' Hideout Epic Bowler
48%
Jungle Arena Epic Rune Giant
48%
Serenity Peak Epic Goblin Drill
47%
Hog Mountain Rare Zappies
47%
Miner's Mine Legendary Fisherman
46%
Miner's Mine Rare Elixir Collector
45%
Hog Mountain Epic Hunter
45%
Miner's Mine Epic Cannon Cart
43%
Spooky Town Legendary Phoenix
40%
Spooky Town Rare Goblin Demolisher
36%
Rascals' Hideout Rare Suspicious Bush
36%
Frozen Peak Epic Cannoneer
32%
Electro Valley Legendary Dagger Duchess
29%
Rascals' Hideout Legendary Royal Chef
28%
Traning Camp Common Tower Princess
26%
No matching quizzes found
Score Distribution
Percent of People with Each Score
Percentile by Number Answered
Your Score History
You have not taken this quiz